2023 NBA Playoffs Bracket Quiz - Statistics

General Stats
  • This quiz has been taken 1,150 times
  • The average score is 10 of 16
Answers on the Map
Answers color-coded by a green-red scale on the quiz's map according to % correct below.
 
Answer Stats
Answer % Correct
Nuggets
82%
Heat
72%
Lakers
71%
Celtics
67%
Warriors
64%
Bucks
60%
Clippers
60%
Grizzlies
60%
Timberwolves
58%
Hawks
57%
Knicks
56%
76ers
54%
Kings
52%
Suns
52%
Nets
51%
Cavaliers
44%
No matching quizzes found
Score Distribution
Percent of People with Each Score
Percentile by Number Answered
Your Score History
You have not taken this quiz